01596nam a2200385 c 450000100060000000300100000600500170001600700030003300800410003602000180007704000350009504100080013004300120013808400060015010000420015624500860019825000750028426400720035930000520043133600270048333700330051033800280054349000560057150000970062752100610072454500780078565000520086365000330091565000450094865500180099370000400101194200160105199900170106795201260108458633CO-BoRNBP20250827152604.0ta210817r20002022mx a br 000 fdspa d a9789681662813 aCO-BoRNBPbspaerdacCO-BoRNBP0 aspa an-mx--- aN aHinojosa, Francisco,d1954-eaut976810aBuscalacranes /cFrancisco Hinojosa; ilustraciones de Rafael Barajas El Fisgón. aPrimera ediciónbDécima reimpresión, Decimotercera reimpresión 1aCiudad de México, México :bFondo de Cultura Económica,c2022 a90 páginas :bilustraciones en blanco y negro atextobtxt2rdacontent asin mediaciónbn2rdamedia avolumenbnc2rdacarrier0 aA la orilla del vientoaPara los que leen bienv140 aEl material de la dotación PNLB 2022, corresponde a la decimotercera reimpresión de 2022 aRecomendado para un público infantil mayor de 9 años aIncluye datos biográficos del autor e ilustrador en la contracarátula04aNovela infantil MexicanaySiglo XX2LEMB96369007aAnimalesvNovela2LEMB9171004aLiteratura infantil mexicana2LEMB92461 aNovela963194 aBarajas, Rafael,d1956-eill962162 2loccBKLITI c58633d58633 00102ddc40708INFaMECASARIbMECASARIcLITd2025-08-27l0oNpMDA001300r2025-08-27 15:26:52tEj.1w2025-08-27yBKLITI